| 000 | 00577nam a2200193 i 4500 | ||
|---|---|---|---|
| 001 | 27551 | ||
| 003 | ES-MaACL | ||
| 005 | 20240318120255.0 | ||
| 007 | t| | ||
| 008 | 030115s1931 fr |||| |bfre d | ||
| 080 | _a929 Montijo, Eugenia de | ||
| 100 | 0 |
_aAubry, Octave. _d1881-1946 _923828 |
|
| 245 | 1 | 2 |
_aL'Imperatrice Eugenie / _cOctave Aubry. |
| 260 |
_aParis : _bArtheme Fayard, _c1931. |
||
| 300 |
_a443 p. ; _c19 cm. |
||
| 600 | 0 | 4 |
_aEugenia _cEmperatriz consorte de Napoleón III, Emperador de Francia. _948322 |
| 852 |
_aES-MaACL _jA-1713 |
||
| 999 |
_c27551 _d27551 |
||